| 000 | 00548nam a22002057a 4500 | ||
|---|---|---|---|
| 003 | OSt | ||
| 005 | 20140310182927.0 | ||
| 008 | 130130t xxu||||| |||| 00| 0 eng d | ||
| 020 | _a9718591095 | ||
| 050 |
_aPN 6222 _bG993 1993 |
||
| 082 |
_aFIL 398.2 _bD36 1993 |
||
| 245 |
_aMga kasabihan at salawikaing Pilipino. _cDe Guzman, R.R. |
||
| 260 |
_aManila : _bArar Books Marketing, _cc1987. |
||
| 300 |
_a45 p. _c21.5 cm. |
||
| 521 | _acollege students | ||
| 526 | _c1210L-1700L | ||
| 541 | _j1 | ||
| 562 | _e1 | ||
| 942 |
_2lcc _cBK _kFIL |
||
| 999 |
_c17450 _d17450 |
||